Statistics for Super Bowl Champions

Click here to take the quiz!

General Stats

  • This quiz has been taken 143 times
    (77 since last reset)
  • The average score is 24 of 52

Answer Stats

HintAnswer% Correct
1967Green Bay Packers
90%
1968Green Bay Packers
86%
1969New York Jets
77%
1970Kansas City Chiefs
68%
2018Philadelphia Eagles
65%
2017New England Patriots
58%
2011Green Bay Packers
55%
2015New England Patriots
55%
2016Denver Broncos
54%
2002New England Patriots
54%
2014Seattle Seahawks
54%
2010New Orleans Saints
52%
2006Pittsburgh Steelers
52%
1971Baltimore Colts
51%
2013Baltimore Ravens
51%
2004New England Patriots
51%
2012New York Giants
51%
2008New York Giants
51%
2005New England Patriots
49%
2009Pittsburgh Steelers
49%
2007Indianapolis Colts
48%
1972Dallas Cowboys
46%
1973Miami Dolphins
46%
2000St. Louis Rams
46%
2001Baltimore Ravens
45%
1976Pittsburgh Steelers
43%
1975Pittsburgh Steelers
43%
2003Tampa Bay Buccaneers
43%
1986Chicago Bears
42%
1993Dallas Cowboys
42%
1994Dallas Cowboys
42%
1979Pittsburgh Steelers
42%
1996Dallas Cowboys
41%
1978Dallas Cowboys
41%
1998Denver Broncos
41%
1999Denver Broncos
41%
1974Miami Dolphins
41%
1995San Francisco 49ers
41%
1990San Francisco 49ers
39%
1997Green Bay Packers
38%
1977Oakland Raiders
38%
1989San Francisco 49ers
38%
1985San Francisco 49ers
38%
1980Pittsburgh Steelers
36%
1981Oakland Raiders
35%
1982San Francisco 49ers
35%
1983Washington Redskins
35%
1992Washington Redskins
35%
1987New York Giants
33%
1991New York Giants
32%
1988Washington Redskins
30%
1984Los Angeles Raiders
29%

Score Distribution

Percentile by Number Answered

Percent of People with Each Score

Your Score History

You have not taken this quiz since the last reset